<?xml version="1.0" encoding="UTF-8"?><?xml-stylesheet type="text/xsl" href="static/style.xsl"?><OAI-PMH xmlns="http://www.openarchives.org/OAI/2.0/" xmlns:xsi="http://www.w3.org/2001/XMLSchema-instance" xsi:schemaLocation="http://www.openarchives.org/OAI/2.0/ http://www.openarchives.org/OAI/2.0/OAI-PMH.xsd"><responseDate>2026-06-07T07:49:08Z</responseDate><request verb="GetRecord" identifier="oai:riuma.uma.es:10630/23919" metadataPrefix="marc">https://riuma.uma.es/rest/oai/request</request><GetRecord><record><header><identifier>oai:riuma.uma.es:10630/23919</identifier><datestamp>2026-02-03T11:46:17Z</datestamp><setSpec>com_10630_2254</setSpec><setSpec>col_10630_37959</setSpec></header><metadata><record xmlns="http://www.loc.gov/MARC21/slim" xmlns:dcterms="http://purl.org/dc/terms/" xmlns:doc="http://www.lyncode.com/xoai" xmlns:xsi="http://www.w3.org/2001/XMLSchema-instance" xsi:schemaLocation="http://www.loc.gov/MARC21/slim http://www.loc.gov/standards/marcxml/schema/MARC21slim.xsd">
   <leader>00925njm 22002777a 4500</leader>
   <datafield ind2=" " ind1=" " tag="042">
      <subfield code="a">dc</subfield>
   </datafield>
   <datafield ind2=" " ind1=" " tag="720">
      <subfield code="a">Casado-Cordón, Juan</subfield>
      <subfield code="e">author</subfield>
   </datafield>
   <datafield ind2=" " ind1=" " tag="260">
      <subfield code="c">2022-03</subfield>
   </datafield>
   <datafield ind2=" " ind1=" " tag="520">
      <subfield code="a">Diradicaloid molecules[1] represent cornerstone systems to explore the nature of the chemical bond and the validity of its theories. Recently, they have also gained relevance as multipurpose substrates for organic electronic applications.[2] There are several approaches to design these molecules: (i) diradicaloids made of non-alternant antiaromatic [4n]annulene hydrocarbons, (ii) those developed from quinoidal cores (and (iii) those made of a combination of (i) and (ii). Despite this strong interest, detailed explanations of the origin of the mosaic of diradicaloid properties are not provided in many cases. Here, the basic conceptual insights that give rise to the emergence of the diradical character in the important area of polycyclic hydrocarbon compounds based on [4n]annulene peripheries with internally “functionalized” covalent structures are presented. For this, we will attempt to connect the orbital structure of these systems with two key energy factors, correlation energy (Ecorr) and hybridization energy (Ehybr) and these with the diradical character, yo.&#xd;
The article begins with pentalene and, subsequently, extends the discussion to s-indacene. These two cases are not consecutive in the arguments but are chosen as the first representative cases of (i) and (iii), respectively. The first [4n] annulenes are all reviewed with special emphasis in n=3 given its rich family of antiaromatic molecules, either bicyclic and tricyclic, systems such as heptalene, biphenylene and phenalene and some of their pi-extended derivatives. Finally, from the odd electron benzenoid phenalenyl radical, we explore the antiaromatic fingerprints of olympicene, triangulene and rhombene.</subfield>
   </datafield>
   <datafield ind1="8" ind2=" " tag="024">
      <subfield code="a">https://hdl.handle.net/10630/23919</subfield>
   </datafield>
   <datafield tag="653" ind2=" " ind1=" ">
      <subfield code="a">Compuestos orgánicos</subfield>
   </datafield>
   <datafield tag="653" ind2=" " ind1=" ">
      <subfield code="a">Enlaces químicos</subfield>
   </datafield>
   <datafield tag="653" ind2=" " ind1=" ">
      <subfield code="a">Radicales (Química)</subfield>
   </datafield>
   <datafield ind2="0" ind1="0" tag="245">
      <subfield code="a">Diradicaloids from [4n] antiaromatic circuits</subfield>
   </datafield>
</record>
</metadata></record></GetRecord></OAI-PMH>